[Event "Titled Tuesday intern op 06th Dec Early"]
[Site "Chess.com INT"]
[Date "2022.12.06"]
[Round "3"]
[White "Bok, Benjamin"]
[Black "Postnikov, Daniil"]
[Result "0-1"]
[WhiteElo "2618"]
[BlackElo "2360"]
[PlyCount "116"]
[EventDate "2022.12.06"]
[EventType "swiss (blitz)"]
[EventRounds "11"]
[EventCountry "USA"]
[SourceTitle "CBM 211 Extra"]
[Source "ChessBase"]
[SourceDate "2023.01.31"]
[SourceVersion "1"]
[SourceVersionDate "2023.01.31"]
[SourceQuality "1"]

1. d4 f5 2. g3 Nf6 3. Bg2 g6 4. Nf3 Bg7 5. 0-0 0-0 6. c4 d6 7. Nc3 Qe8 8. Re1 Qf7 9. b3 Ne4 10. Bb2 Nc6 11. e3 e5 12. dxe5 Nxe5 13. Nxe5 Bxe5 14. Qc2 Qg7 15. Rac1 Bd7 16. Nd1 Bc6 17. Bxe5 Qxe5 18. Nb2 b6 19. Nd3 Qe6 20. Nf4 Qf7 21. Nd5 Rae8 22. Red1 a5 23. Rd4 Nc5 24. a3 a4 25. b4 Nb3 26. Ne7+ Qxe7 27. Bxc6 Nxd4 28. exd4 Rd8 29. Qd2 f4 30. Re1 Qf6 31. Qxf4 Qxf4 32. gxf4 Kg7 33. Kg2 Rxf4 34. Re7+ Rf7 35. Re4 Rdf8 36. Re2 Rf4 37. Rd2 h5 38. f3 R4f7 39. Kg3 Kf6 40. Rd3 Re7 41. Bxa4 g5 42. Bc6 Kf5 43. h3 h4+ 44. Kf2 Kf4 45. d5 Re5 46. a4 Rf7 47. a5 bxa5 48. bxa5 Rfe7 49. Rd4+ Kf5 50. Rd2 Re3 51. Ra2 Kf4 52. a6 Rxf3+ 53. Kg2 Rg3+ 54. Kh2 Ree3 55. a7 Rxh3+ 56. Kg2 Reg3+ 57. Kf1 Rh1+ 58. Ke2 Rh2+ 0-1

[Event "Titled Tuesday intern op 06th Dec Late"]
[Site "Chess.com INT"]
[Date "2022.12.06"]
[Round "1"]
[White "Grot, Blazej"]
[Black "Postnikov, Daniil"]
[Result "0-1"]
[WhiteElo "1844"]
[BlackElo "2360"]
[PlyCount "74"]
[EventDate "2022.12.06"]
[EventType "swiss (blitz)"]
[EventRounds "11"]
[EventCountry "USA"]
[SourceTitle "CBM 211 Extra"]
[Source "ChessBase"]
[SourceDate "2023.01.31"]
[SourceVersion "1"]
[SourceVersionDate "2023.01.31"]
[SourceQuality "1"]

1. e4 e6 2. d3 d5 3. Nd2 Nf6 4. Ngf3 c5 5. c3 g6 6. Qc2 Bg7 7. g3 0-0 8. Bg2 Nc6 9. 0-0 a5 10. Re1 b5 11. h4 b4 12. Nf1 Ba6 13. N1h2 dxe4 14. dxe4 Bd3 15. Qa4 Qb6 16. e5 Nd5 17. Qd1 c4 18. h5 bxc3 19. bxc3 Nxc3 20. Qd2 Ne4 21. Qe3 Qxe3 22. Bxe3 Nxe5 23. Nxe5 Bxe5 24. Rac1 Bb2 25. Bxe4 Bxc1 26. Bxa8 Bxe3 27. hxg6 Bd2 28. gxh7+ Kg7 29. Re5 Rxa8 30. Ng4 c3 31. f4 c2 32. Rg5+ Kh8 33. Nf6 c1Q+ 34. Kh2 Bg6 35. f5 Bxg5 36. fxg6 Bxf6 37. g7+ Kxg7 0-1

[Event "Titled Tuesday intern op 06th Dec Early"]
[Site "Chess.com INT"]
[Date "2022.12.06"]
[Round "1"]
[White "Postnikov, Daniil"]
[Black "Grot, Blazej"]
[Result "1/2-1/2"]
[WhiteElo "2360"]
[BlackElo "1844"]
[PlyCount "188"]
[EventDate "2022.12.06"]
[EventType "swiss (blitz)"]
[EventRounds "11"]
[EventCountry "USA"]
[SourceTitle "CBM 211 Extra"]
[Source "ChessBase"]
[SourceDate "2023.01.31"]
[SourceVersion "1"]
[SourceVersionDate "2023.01.31"]
[SourceQuality "1"]

1. e4 d6 2. d4 Nf6 3. Nc3 c6 4. Nf3 Qa5 5. Bd3 e5 6. dxe5 dxe5 7. 0-0 Bg4 8. h3 Bh5 9. g4 Bg6 10. Bg5 Nbd7 11. a3 Qb6 12. b4 Be7 13. Nh4 a5 14. b5 Nc5 15. bxc6 bxc6 16. Nf5 Bxf5 17. gxf5 h6 18. Be3 Qc7 19. Rb1 Rd8 20. Qe2 Nxd3 21. cxd3 Bxa3 22. Bb6 Qd7 23. Bxd8 Qxd8 24. Qa2 Bb4 25. Qc4 0-0 26. Qxc6 Qxd3 27. Nd5 Nxe4 28. Nxb4 axb4 29. Rxb4 Ng5 30. h4 Nh3+ 31. Kg2 Nf4+ 32. Rxf4 exf4 33. Qf3 Qxf5 34. Re1 h5 35. Re4 Qg6+ 36. Kh2 Rc8 37. Rxf4 Rc2 38. Rf5 Qd6+ 39. Kh3 g6 40. Rg5 Qd7+ 41. Kg2 Rc4 42. Rd5 Rg4+ 43. Kf1 Qc7 44. Qd3 Qc1+ 45. Ke2 Qh1 46. Rd8+ Kh7 47. Qc3 Qe4+ 48. Kf1 Qc4+ 49. Qxc4 Rxc4 50. Rd7 Kg7 51. Kg2 Rxh4 52. Kg3 Rg4+ 53. Kf3 Rb4 54. Ra7 Rb5 55. Kg2 Rf5 56. Kg3 g5 57. Ra8 Kg6 58. f3 f6 59. Rg8+ Kf7 60. Rh8 Kg6 61. Kg2 g4 62. fxg4 hxg4 63. Kg3 Rg5 64. Rg8+ Kf5 65. Ra8 Kg6 66. Rg8+ Kh6 67. Rh8+ Kg7 68. Ra8 f5 69. Kf4 Rh5 70. Ra5 Kf6 71. Ra6+ Ke7 72. Ra7+ Ke6 73. Ra6+ Kd5 74. Ra5+ Kd4 75. Ra4+ Kd3 76. Ra3+ Kc4 77. Ra4+ Kb5 78. Ra1 Kb4 79. Ra8 Kc3 80. Ra3+ Kb2 81. Ra8 Kc2 82. Ra2+ Kd1 83. Ra1+ Ke2 84. Ra2+ Kf1 85. Ra1+ Kg2 86. Ra2+ Kh1 87. Ra1+ Kh2 88. Ra2+ Kh3 89. Ra1 g3 90. Rh1+ Kg2 91. Rxh5 Kf2 92. Rxf5 g2 93. Rg5 g1Q 94. Rxg1 Kxg1 1/2-1/2

[Event "Titled Tuesday intern op 06th Dec Early"]
[Site "Chess.com INT"]
[Date "2022.12.06"]
[Round "4"]
[White "Postnikov, Daniil"]
[Black "Ozen, Bahadir"]
[Result "0-1"]
[WhiteElo "2360"]
[BlackElo "2369"]
[PlyCount "92"]
[EventDate "2022.12.06"]
[EventType "swiss (blitz)"]
[EventRounds "11"]
[EventCountry "USA"]
[SourceTitle "CBM 211 Extra"]
[Source "ChessBase"]
[SourceDate "2023.01.31"]
[SourceVersion "1"]
[SourceVersionDate "2023.01.31"]
[SourceQuality "1"]

1. e4 d6 2. d4 Nf6 3. Nc3 e5 4. Nf3 Nbd7 5. g4 g6 6. h3 c6 7. Bc4 b5 8. Bb3 exd4 9. Nxd4 Bb7 10. a3 Bg7 11. Bg5 h6 12. Bf4 Ne5 13. Qd2 a6 14. Qe3 c5 15. Bxe5 dxe5 16. Nf3 c4 17. Ba2 0-0 18. Rd1 Qe7 19. g5 hxg5 20. Nxg5 Rad8 21. h4 Nh5 22. f3 Nf4 23. Kf2 Bh6 24. a4 Bc6 25. axb5 axb5 26. Rdg1 Rd4 27. Ne2 Nxe2 28. Kxe2 Rfd8 29. Kf2 Rd2+ 30. Kg3 f6 31. b3 fxg5 32. h5 Qf6 33. hxg6 Kg7 34. bxc4 b4 35. c5 R2d4 36. Bf7 Rh8 37. Kg4 Bd7+ 38. Kg3 g4 39. Rxh6 Rxh6 40. fxg4 Qh4+ 41. Kf3 Qh3+ 42. Rg3 Bxg4+ 43. Kf2 Qh2+ 44. Rg2 Qh4+ 45. Kg1 Rd1+ 46. Qe1 Rxe1# 0-1

[Event "Titled Tuesday intern op 06th Dec Late"]
[Site "Chess.com INT"]
[Date "2022.12.06"]
[Round "4"]
[White "Postnikov, Daniil"]
[Black "Pasti, Aron"]
[Result "1-0"]
[WhiteElo "2360"]
[BlackElo "2374"]
[PlyCount "57"]
[EventDate "2022.12.06"]
[EventType "swiss (blitz)"]
[EventRounds "11"]
[EventCountry "USA"]
[SourceTitle "CBM 211 Extra"]
[Source "ChessBase"]
[SourceDate "2023.01.31"]
[SourceVersion "1"]
[SourceVersionDate "2023.01.31"]
[SourceQuality "1"]

1. e4 c5 2. a3 e6 3. b4 cxb4 4. axb4 d5 5. e5 d4 6. b5 Nd7 7. Nf3 Qc7 8. Be2 Nxe5 9. Nxd4 Bc5 10. Bb2 Ne7 11. 0-0 0-0 12. Nb3 Bd6 13. Na3 b6 14. d4 N5g6 15. g3 Bb7 16. Nc4 Nf4 17. gxf4 Bxf4 18. Ne5 Rfd8 19. Bd3 f6 20. Nf3 e5 21. Qe2 Ng6 22. Be4 exd4 23. Nbxd4 Re8 24. Nc6 Ne7 25. Qc4+ Kh8 26. Rfe1 Bc8 27. Qf7 Bg4 28. Bxf6 Nf5 29. Ne7 1-0

[Event "Titled Tuesday intern op 29th Nov Late"]
[Site "Chess.com INT"]
[Date "2022.11.29"]
[Round "2"]
[White "Bortnyk, Olexandr"]
[Black "Postnikov, Daniil"]
[Result "1-0"]
[WhiteElo "2604"]
[BlackElo "2360"]
[PlyCount "85"]
[EventDate "2022.11.29"]
[EventType "swiss (blitz)"]
[EventRounds "11"]
[EventCountry "USA"]
[SourceTitle "EXT 2024"]
[Source "ChessBase"]
[SourceDate "2023.10.10"]
[SourceVersion "1"]
[SourceVersionDate "2023.10.10"]
[SourceQuality "1"]

1. e4 e6 2. d4 d5 3. Nc3 Nf6 4. Qd3 Nc6 5. e5 Nd7 6. a3 f6 7. f4 fxe5 8. dxe5 Nc5 9. Qg3 d4 10. Nd1 Qd5 11. Bd3 Bd7 12. Nf3 0-0-0 13. 0-0 Be7 14. Qxg7 Rdg8 15. Qh6 Nxd3 16. cxd3 Be8 17. Ng5 Bg6 18. Nf2 Bf5 19. Nge4 Rg6 20. Qh5 Rhg8 21. g3 Bf8 22. Bd2 Rh6 23. Qe8+ Nd8 24. Nf6 Rxf6 25. exf6 h5 26. Qxh5 Bd6 27. Rfe1 Kb8 28. Bb4 c5 29. Bd2 Rf8 30. g4 Rxf6 31. gxf5 Rxf5 32. Qg4 Kc7 33. Qg2 Qb3 34. Rac1 Rf8 35. Ne4 e5 36. Nxc5 Bxc5 37. Rxc5+ Nc6 38. Rxc6+ bxc6 39. Qg7+ Rf7 40. Qxe5+ Kb7 41. Qxd4 Qxd3 42. Qxd3 Rg7+ 43. Kf1 1-0

[Event "Titled Tuesday intern op 29th Nov Early"]
[Site "Chess.com INT"]
[Date "2022.11.29"]
[Round "6"]
[White "Goltsev, Dmitry"]
[Black "Postnikov, Daniil"]
[Result "0-1"]
[WhiteElo "2232"]
[BlackElo "2360"]
[PlyCount "56"]
[EventDate "2022.11.29"]
[EventType "swiss (blitz)"]
[EventRounds "11"]
[EventCountry "USA"]
[SourceTitle "EXT 2024"]
[Source "ChessBase"]
[SourceDate "2023.10.10"]
[SourceVersion "1"]
[SourceVersionDate "2023.10.10"]
[SourceQuality "1"]

1. e4 e6 2. d4 d5 3. exd5 exd5 4. Nf3 Nf6 5. Bd3 c5 6. 0-0 Be7 7. dxc5 Bxc5 8. Re1+ Be6 9. Nc3 0-0 10. Be3 Bxe3 11. Rxe3 Nc6 12. Ne2 Ng4 13. Nf4 Nxe3 14. fxe3 Qb6 15. Qe1 Rae8 16. Qh4 h6 17. g4 Qxe3+ 18. Kg2 Qxf4 19. h3 Nd4 20. Rf1 Nxf3 21. Rxf3 Qg5 22. Qf2 d4 23. Rf4 Bd5+ 24. Kh2 Re3 25. h4 Qe5 26. Kg1 Rh3 27. Qxd4 Qe1+ 28. Bf1 Rh1# 0-1

[Event "Titled Tuesday intern op 29th Nov Early"]
[Site "Chess.com INT"]
[Date "2022.11.29"]
[Round "2"]
[White "Le, Tuan Minh"]
[Black "Postnikov, Daniil"]
[Result "1/2-1/2"]
[WhiteElo "2542"]
[BlackElo "2360"]
[PlyCount "134"]
[EventDate "2022.11.29"]
[EventType "swiss (blitz)"]
[EventRounds "11"]
[EventCountry "USA"]
[SourceTitle "EXT 2024"]
[Source "ChessBase"]
[SourceDate "2023.10.10"]
[SourceVersion "1"]
[SourceVersionDate "2023.10.10"]
[SourceQuality "1"]

1. d4 Nf6 2. Nf3 c5 3. c3 d5 4. Bf4 Nc6 5. e3 g6 6. Nbd2 Bg7 7. h3 0-0 8. dxc5 Nd7 9. Nb3 e5 10. Bh2 e4 11. Nfd4 Nde5 12. Be2 Qe7 13. 0-0 f5 14. Qc2 g5 15. c4 dxc4 16. Bxc4+ Kh8 17. Rad1 Nb4 18. Qc3 Nxa2 19. Qa5 Nxc4 20. Qxa2 Ne5 21. Qa5 f4 22. exf4 gxf4 23. Qe1 f3 24. Qxe4 fxg2 25. Qxg2 Be6 26. Rfe1 Bxb3 27. Nxb3 Nf3+ 28. Qxf3 Qxe1+ 29. Rxe1 Rxf3 30. Na5 b6 31. cxb6 axb6 32. Nc4 Rb3 33. Re7 b5 34. Ne5 Rxb2 35. Kg2 Rf8 36. Bg3 b4 37. Rb7 Kg8 38. Nd3 Rb3 39. Nc5 Rb1 40. Ne6 Rf7 41. Rb8+ Bf8 42. Bd6 Rf6 43. f4 Rxe6 44. Bxf8 Kf7 45. Bc5 b3 46. f5 Re5 47. Rb7+ Ke8 48. Rb8+ Kd7 49. f6 Rxc5 50. f7 Rf5 51. f8Q Rxf8 52. Rxf8 Kc7 53. Rf7+ Kc6 54. Rf6+ Kc5 55. Rf8 Kc4 56. Rc8+ Kb4 57. Rb8+ Ka3 58. Ra8+ Kb2 59. Kg3 Rg1+ 60. Kh4 Kc2 61. Rc8+ Kb1 62. Kh5 Rg6 63. h4 b2 64. Rc1+ Ka2 65. Ra1+ Kb3 66. Ra3+ Kb4 67. Rb3+ Kxb3 1/2-1/2

[Event "Titled Tuesday intern op 29th Nov Early"]
[Site "Chess.com INT"]
[Date "2022.11.29"]
[Round "8"]
[White "Postnikov, Daniil"]
[Black "Jumabayev, Rinat"]
[Result "0-1"]
[WhiteElo "2360"]
[BlackElo "2620"]
[PlyCount "64"]
[EventDate "2022.11.29"]
[EventType "swiss (blitz)"]
[EventRounds "11"]
[EventCountry "USA"]
[SourceTitle "EXT 2024"]
[Source "ChessBase"]
[SourceDate "2023.10.10"]
[SourceVersion "1"]
[SourceVersionDate "2023.10.10"]
[SourceQuality "1"]

1. e4 c6 2. d4 d5 3. e5 c5 4. Nf3 cxd4 5. Qxd4 Nc6 6. Qf4 e6 7. Nc3 Nb4 8. Bd3 Bd7 9. 0-0 Rc8 10. h4 h6 11. h5 a6 12. Be3 Nxd3 13. cxd3 Ne7 14. Rac1 Nf5 15. Nd4 Nxd4 16. Bxd4 Be7 17. Qg4 0-0 18. Rce1 Bc5 19. Bxc5 Rxc5 20. f4 Qb6 21. Rf2 Rfc8 22. Re3 Rxc3 23. Rg3 Rc1+ 24. Kh2 g6 25. hxg6 f5 26. Qf3 R8c2 27. d4 Qxd4 28. Rf1 Rxf1 29. Qxf1 Bb5 30. Qe1 Qxf4 31. Qa5 Rc8 32. Qc3 Rxc3 0-1

[Event "Titled Tuesday intern op 29th Nov Early"]
[Site "Chess.com INT"]
[Date "2022.11.29"]
[Round "7"]
[White "Postnikov, Daniil"]
[Black "Molina, Roberto Junio Brito"]
[Result "1-0"]
[WhiteElo "2360"]
[BlackElo "2385"]
[PlyCount "85"]
[EventDate "2022.11.29"]
[EventType "swiss (blitz)"]
[EventRounds "11"]
[EventCountry "USA"]
[SourceTitle "EXT 2024"]
[Source "ChessBase"]
[SourceDate "2023.10.10"]
[SourceVersion "1"]
[SourceVersionDate "2023.10.10"]
[SourceQuality "1"]

1. e4 c6 2. d4 d5 3. e5 Bf5 4. Nf3 e6 5. Be2 Nd7 6. 0-0 Bg6 7. Nbd2 Nh6 8. Nb3 Nf5 9. Bd2 Be7 10. g4 Nh4 11. Nxh4 Bxh4 12. f4 f5 13. exf6 Bxf6 14. g5 Be7 15. Bh5 Bxh5 16. Qxh5+ g6 17. Qg4 Kf7 18. Rae1 Nf8 19. Nc1 Bd6 20. Nd3 h5 21. gxh6 Qf6 22. Ne5+ Kg8 23. Nd7 Nxd7 24. Rxe6 Qf7 25. Rxg6+ Kf8 26. Rg7 Rg8 27. Rxf7+ Kxf7 28. Qg5 Rxg5+ 29. fxg5+ Kg6 30. h4 Rf8 31. Re1 Bg3 32. Re6+ Kh5 33. Re7 Nb6 34. h7 Kg6 35. h5+ Kxh5 36. Rg7 Bf2+ 37. Kg2 Bxd4 38. Bc3 Bxc3 39. bxc3 Rh8 40. g6 Nc8 41. Rg8 Ne7 42. Rxh8 Kxg6 43. Re8 1-0

[Event "Titled Tuesday intern op 22nd Nov Early"]
[Site "Chess.com INT"]
[Date "2022.11.22"]
[Round "1"]
[White "Postnikov, Daniil"]
[Black "Jiganchine, Roman"]
[Result "1/2-1/2"]
[WhiteElo "2360"]
[BlackElo "2205"]
[PlyCount "128"]
[EventDate "2022.11.22"]
[EventType "swiss (blitz)"]
[EventRounds "11"]
[EventCountry "USA"]
[SourceTitle "CBM 211 Extra"]
[Source "ChessBase"]
[SourceDate "2023.01.31"]
[SourceVersion "1"]
[SourceVersionDate "2023.01.31"]
[SourceQuality "1"]

1. e4 c6 2. d4 d5 3. e5 Bf5 4. Nf3 e6 5. Be2 Nd7 6. 0-0 a6 7. Nbd2 h5 8. Nb3 c5 9. dxc5 Bxc5 10. Nxc5 Nxc5 11. Nd4 Bg6 12. f4 Ne7 13. Be3 Rc8 14. c3 Nf5 15. Nxf5 Bxf5 16. Bxc5 Rxc5 17. Bd3 Bxd3 18. Qxd3 g6 19. Rf2 0-0 20. Kh1 b5 21. Rg1 Rc4 22. b3 Rc6 23. Rf3 Qc7 24. g4 hxg4 25. Rxg4 b4 26. Rfg3 Rc8 27. Rxg6+ Kf8 28. Rg8+ Ke7 29. Rxc8 Qxc8 30. cxb4 Rc1+ 31. Kg2 Rc2+ 32. Kg1 Rc1+ 33. Kg2 Rc2+ 34. Kh1 Rc1+ 35. Rg1 Rxg1+ 36. Kxg1 Qc1+ 37. Qf1 Qe3+ 38. Qf2 Qc1+ 39. Kg2 Qb1 40. Qa7+ Kf8 41. Qxa6 Qe4+ 42. Kg3 Qe3+ 43. Kg4 Qg1+ 44. Kf3 Qh1+ 45. Ke3 Qe4+ 46. Kd2 Qxf4+ 47. Kc2 Qxh2+ 48. Kb1 Qg1+ 49. Kb2 Qh2+ 50. Ka3 Qxe5 51. b5 d4 52. b6 Qc5+ 53. Ka4 Qc6+ 54. Ka5 Qc5+ 55. Ka4 Qc6+ 56. Ka3 Qc5+ 57. b4 Qc3+ 58. Ka4 Qc2+ 59. Kb5 Qe2+ 60. Ka5 Qxa2+ 61. Kb5 Qe2+ 62. Ka5 Qa2+ 63. Kb5 Qe2+ 64. Ka5 Qa2+ 1/2-1/2

[Event "Titled Tuesday intern op 15th Nov Early"]
[Site "Chess.com INT"]
[Date "2022.11.15"]
[Round "11"]
[White "Donchenko, Alexander"]
[Black "Postnikov, Daniil"]
[Result "1-0"]
[WhiteElo "2645"]
[BlackElo "2360"]
[PlyCount "89"]
[EventDate "2022.11.15"]
[EventType "swiss (blitz)"]
[EventRounds "11"]
[EventCountry "USA"]
[SourceTitle "CBM 211 Extra"]
[Source "ChessBase"]
[SourceDate "2023.01.31"]
[SourceVersion "1"]
[SourceVersionDate "2023.01.31"]
[SourceQuality "1"]

1. e4 e6 2. d4 d5 3. Nd2 c5 4. exd5 Qxd5 5. Ngf3 cxd4 6. Bc4 Qd8 7. 0-0 a6 8. Nb3 Nc6 9. Nbxd4 Nxd4 10. Nxd4 Qc7 11. Bd3 Bd6 12. h3 Ne7 13. c3 e5 14. Nf3 f5 15. Bc2 Be6 16. Ng5 Bd5 17. Bb3 Qc6 18. Qh5+ g6 19. Qh6 0-0-0 20. Rd1 Bxb3 21. axb3 Bc5 22. Bd2 Qf6 23. Nf3 f4 24. Qg5 Qxg5 25. Nxg5 Rd7 26. Be1 Rhd8 27. Rxd7 Rxd7 28. Kf1 Nf5 29. Ne4 Bb6 30. Ke2 h6 31. Rd1 Rxd1 32. Kxd1 Kd7 33. Ke2 Ke6 34. b4 Kd5 35. Kd3 Nd6 36. c4+ Ke6 37. Nxd6 Kxd6 38. c5+ Bxc5 39. bxc5+ Kxc5 40. Ke4 Kd6 41. Bc3 Ke6 42. Bxe5 g5 43. Bg7 h5 44. Bc3 f3 45. gxf3 1-0

[Event "Titled Tuesday intern op 15th Nov Early"]
[Site "Chess.com INT"]
[Date "2022.11.15"]
[Round "9"]
[White "Postnikov, Daniil"]
[Black "Pakleza, Zbigniew"]
[Result "0-1"]
[WhiteElo "2360"]
[BlackElo "2496"]
[PlyCount "110"]
[EventDate "2022.11.15"]
[EventType "swiss (blitz)"]
[EventRounds "11"]
[EventCountry "USA"]
[SourceTitle "CBM 211 Extra"]
[Source "ChessBase"]
[SourceDate "2023.01.31"]
[SourceVersion "1"]
[SourceVersionDate "2023.01.31"]
[SourceQuality "1"]

1. e4 d6 2. d4 Nf6 3. Nc3 c6 4. Nf3 Bg4 5. Be3 e6 6. h3 Bh5 7. Be2 Be7 8. Nd2 Bxe2 9. Qxe2 d5 10. e5 Nfd7 11. Qg4 g6 12. Ne2 c5 13. f4 Nc6 14. c3 Qb6 15. 0-0 0-0-0 16. Rfb1 Kb8 17. b4 cxb4 18. cxb4 Qb5 19. a4 Qd3 20. Rb3 Qf5 21. Qf3 Bxb4 22. g4 Qc2 23. Rc1 Qa2 24. Rxc6 Bxd2 25. Bf2 Nb6 26. Rc5 Qxa4 27. Rc2 Nc4 28. Kh2 Rc8 29. Qd3 Ba5 30. Nc1 h5 31. f5 hxg4 32. h4 gxf5 33. Bg3 Nb6 34. Rxc8+ Rxc8 35. Ne2 Qc4 36. Qe3 Bb4 37. h5 Bf8 38. Bf4 Qc6 39. h6 Nc4 40. Qd3 Bxh6 41. Rc3 Rh8 42. Bxh6 Rxh6+ 43. Kg2 Rh8 44. Nf4 Rc8 45. Rb3 b5 46. Nh5 a6 47. Nf6 Na5 48. Rb2 Qc3 49. Qe2 Ka7 50. Rd2 Nc4 51. Ra2 Kb6 52. Nd7+ Ka7 53. Nc5 a5 54. Rc2 Qxc2 55. Qxc2 Ne3+ 0-1